Luật chứng khoán

Giới thiệu toàn văn luật chứng khoán năm 2006

Guardado en:
Detalles Bibliográficos
Formato: Libro
Lenguaje:Undetermined
Publicado: Hà Nội Chính trị Quốc gia 2008
Materias:
Etiquetas: Agregar Etiqueta
Sin Etiquetas, Sea el primero en etiquetar este registro!
Thư viện lưu trữ: Trung tâm Học liệu Trường Đại học Cần Thơ
LEADER 00624nam a2200205Ia 4500
001 CTU_148289
008 210402s9999 xx 000 0 und d
020 |c 12000 
082 |a 346.5970922 
082 |b L504 
245 0 |a Luật chứng khoán 
260 |a Hà Nội 
260 |b Chính trị Quốc gia 
260 |c 2008 
520 |a Giới thiệu toàn văn luật chứng khoán năm 2006 
650 |a Stocks,Securities,Luật chứng khoán 
650 |x Law and legislation 
650 |z Vietnam 
904 |i Nguyên 
980 |a Trung tâm Học liệu Trường Đại học Cần Thơ